Central Library OPAC University of Rajshahi

রম্যাণি বীক্ষ্য : (Record no. 76787)

MARC details
000 -LEADER
fixed length control field 01215nam a2200253 a 4500
001 - CONTROL NUMBER
control field 76787
003 - CONTROL NUMBER IDENTIFIER
rucl marc code BD-RjUL
005 - DATE AND TIME OF LATEST TRANSACTION
control field 20211209082903.0
008 - FIXED-LENGTH DATA ELEMENTS--GENERAL INFORMATION
fixed length control field 202001s1974 ii a|||| |||| 00| 0 ben d
020 ## - INTERNATIONAL STANDARD BOOK NUMBER
Terms of availability : IRs. 18.00 (Pt-5)
035 ## - SYSTEM CONTROL NUMBER
System control number (BD-RjUL)77011
040 ## - CATALOGING SOURCE
Original cataloging agency BD-RjUL
Language of cataloging ben
Transcribing agency BD-RjUL
041 ## - LANGUAGE CODE
Language code of text/sound track or separate title ben
082 ## - DEWEY DECIMAL CLASSIFICATION NUMBER
Edition number 23
Classification number 891.44308032
Author mark and year CHR Pt-5 1974
100 1# - MAIN ENTRY--PERSONAL NAME
Personal name চক্রবর্তী, সুবোধকুমার
9 (RLIN) 237911
245 10 - TITLE STATEMENT
Title রম্যাণি বীক্ষ্য :
Remainder of title উপন্যাস-রসসিক্ত ভ্রমন-কাহিনী /
Statement of responsibility, etc. সুবোধকুমার চক্রবর্তী
250 ## - EDITION STATEMENT
Edition statement ১০ম সং .
260 ## - PUBLICATION, DISTRIBUTION, ETC. (IMPRINT)
Place of publication, distribution, etc. কলিকাতা :
Name of publisher, distributor, etc. এ মুখার্জী এন্ড কোং প্রা লি,
Date of publication, distribution, etc. ১৯৭৪ (১৩৮১)
300 ## - PHYSICAL DESCRIPTION
Pagination পর্ব :
Illustrations চিত্র. ;
Size ২২ সেমি.
505 0# - FORMATTED CONTENTS NOTE
Formatted contents note পর্ব-৫: কালিন্দী পর্ব --
650 ## - SUBJECT ADDED ENTRY--TOPICAL TERM
Topical term or geographic name as entry element বাংলা উপন্যাস (ভ্রমণ কাহিনী)
9 (RLIN) 170454
General subdivision ইতিহাস ও সমালোচনা
Topical term or geographic name as entry element Bengali fiction (Travelogue)
9 (RLIN) 170455
General subdivision History & Criticism
942 ## - ADDED ENTRY ELEMENTS (KOHA)
Source of classification or shelving scheme Dewey Decimal Classification
Koha item type Rare Books
Holdings
Lost status Source of classification or shelving scheme Damaged status Not for loan Collection code Permanent Location Current Location Shelving location Date acquired Source of acquisition Cost, normal purchase price Total Checkouts Full call number Date last seen Copy number Koha item type
  Dewey Decimal Classification   Not For Loan Non-fiction Central Library, University of Rajshahi Central Library, University of Rajshahi Rare Book Section 21/09/1981 India International,kolikata 18.00   BRA 891.44308032 CHR Pt-5 1974 20/01/2020 C-1 Rare Books